[Event "37th Reykjavik op"]
[Site "Reykjavik ISL"]
[Date "2024.03.21"]
[Round "9.41"]
[White "Anishka, Vikram"]
[Black "Manish, Anto Cristiano F"]
[WhiteElo "1995"]
[BlackElo "2286"]
[Result "0-1"]
[EventDate "2024.03.15"]
[PlyCount "82"]

1. d4 {[%eval 17,0]} Nf6 {[%eval 16,0]} 2. c4 {[%eval 16,0]} e6 {[%eval 21,0]}
3. Nc3 {[%eval 8,0]} Bb4 {[%eval 12,0]} 4. e3 {[%eval 0,0]} d5 {[%eval 41,0]}
5. Nf3 {[%eval 0,0]} O-O {[%eval 13,0]} 6. Bd2 {[%eval 3,0]} b6 {[%eval 21,0]}
7. cxd5 {[%eval 11,0]} exd5 {[%eval 7,0]} 8. Bd3 {[%eval 2,0]} Bb7 {[%eval 16,
0]} 9. O-O {[%eval 5,0]} a6 {[%eval 44,0]} 10. Ne5 {[%eval 41,0]} Bd6 {[%eval
51,0]} 11. f4 {[%eval 55,0]} c5 {[%eval 46,0]} 12. Rc1 {[%eval 19,0]} Nc6 {
[%eval 15,0]} 13. Na4 {[%eval 16,0]} c4 {[%eval 6,0]} 14. Bb1 {[%eval 2,0]} b5
{[%eval 3,0]} 15. Nc3 {[%eval 0,0]} Ne7 {[%eval 8,0]} 16. Be1 $6 {[%eval 82,0]
Inaccuracy. Qf3 was best.} (16. Qf3) 16... Ne4 {[%eval 85,0]} 17. Bxe4 $6 {
[%eval -46,0] Inaccuracy. Qg4 was best.} (17. Qg4 Qc8) 17... dxe4 {[%eval -56,
0]} 18. Qe2 {[%eval -37,0]} f6 {[%eval -33,0]} 19. Ng4 {[%eval -42,0]} Qd7 {
[%eval -31,0]} 20. h3 {[%eval -6,0]} Rac8 {[%eval -14,0]} 21. a3 {[%eval -5,0]}
a5 {[%eval -21,0]} 22. Na2 {[%eval -26,0]} Qd8 {[%eval -196,0]} 23. Bd2 {
[%eval -3,0]} Nd5 {[%eval -7,0]} 24. Qe1 {[%eval -2,0]} Ra8 {[%eval -9,0]} 25.
Rf2 {[%eval -172,0]} Re8 {[%eval -183,0]} 26. Nc3 {[%eval -193,0]} Qb6 {
[%eval -184,0]} 27. Ne2 {[%eval -176,0]} Qa6 {[%eval -191,0]} 28. Ng3 {[%eval
-173,0]} b4 {[%eval -155,0]} 29. axb4 {[%eval -143,0]} axb4 {[%eval -139,0]}
30. Nf5 {[%eval -296,0]} Bf8 {[%eval -296,0]} 31. Rf1 {[%eval -281,0]} Rec8 {
[%eval -259,0]} 32. Qg3 {[%eval -223,0]} Qe6 {[%eval -232,0]} 33. Nh4 {[%eval
-243,0]} Kf7 {[%eval -245,0]} 34. f5 {[%eval -202,0]} Qd6 {[%eval -211,0]} 35.
Qxd6 {[%eval -386,0]} Bxd6 {[%eval -399,0]} 36. Nf2 {[%eval -381,0]} Nb6 {
[%eval -371,0]} 37. g4 {[%eval -366,0]} Ra2 {[%eval -347,0]} 38. Rb1 {[%eval
-395,0]} c3 {[%eval -372,0]} 39. Be1 $6 {[%eval -572,0] Inaccuracy. Bxc3 was
best.} (39. Bxc3 Nc4) 39... c2 {[%eval -552,0]} 40. Rc1 {[%eval -563,0]} Rxb2 {
[%eval -553,0]} 41. Bd2 {[%eval -621,0]} Nc4 {[%eval -608,0]} 0-1

[Event "37th Reykjavik op"]
[Site "Reykjavik ISL"]
[Date "2024.03.21"]
[Round "9.42"]
[White "Skarphedinsson, Ingvar Wu"]
[Black "Prado Serrano, Alexandra"]
[WhiteElo "2049"]
[BlackElo "1877"]
[Result "1-0"]
[EventDate "2024.03.15"]
[PlyCount "69"]

1. d4 {[%eval 17,0]} Nf6 {[%eval 16,0]} 2. Bf4 {[%eval 0,0]} g6 {[%eval 13,0]}
3. Nc3 {[%eval 0,0]} d5 {[%eval 0,0]} 4. e3 {[%eval 0,0]} Bg7 {[%eval 25,0]} 5.
h4 {[%eval 24,0]} h6 $6 {[%eval 32,0] Inaccuracy. h5 was best.} (5... h5 6. Nf3
O-O 7. Qd2 c5 8. Ne5 Nc6 9. dxc5 Ne8 10. Nxc6) 6. Nf3 {[%eval 3,0]} Bg4 {
[%eval 61,0]} 7. Be2 {[%eval 45,0]} e6 {[%eval 61,0]} 8. Ne5 {[%eval 42,0]}
Bxe2 {[%eval 48,0]} 9. Qxe2 {[%eval 38,0]} a6 {[%eval 69,0]} 10. Qd3 $6 {
[%eval 5,0] Inaccuracy. e4 was best.} (10. e4 Qe7 11. Qf3 dxe4 12. Nxe4 Nd5 13.
Bg3 O-O 14. O-O Nc6 15. Rfd1 Qb4 16. Nxc6 bxc6) 10... Nbd7 {[%eval 1,0]} 11. e4
{[%eval 13,0]} c6 {[%eval 39,0]} 12. exd5 {[%eval 4,0]} cxd5 {[%eval 0,0]} 13.
O-O-O {[%eval 17,0]} b5 {[%eval 16,0]} 14. Rh3 {[%eval 31,0]} Nxe5 {[%eval 8,0]
} 15. Bxe5 {[%eval 47,0]} Rc8 {[%eval 33,0]} 16. h5 {[%eval 63,0]} g5 $2 {
[%eval 68,0] Mistake. Nxh5 was best.} (16... Nxh5 17. Qd2) 17. f4 {[%eval 77,0]
} g4 {[%eval 62,0]} 18. Rg3 {[%eval 74,0]} Qa5 $2 {[%eval 241,0] Mistake. O-O
was best.} (18... O-O 19. a3) 19. f5 {[%eval 239,0]} b4 {[%eval 264,0]} 20. Nb1
$4 {[%eval 28,0] Blunder. fxe6 was best.} (20. fxe6 O-O 21. Bxf6 Bxf6 22. Rxg4+
Kh8 23. exf7 Qd8 24. Na4 Bg5+ 25. Kb1 Qe7 26. Nc5 Qxf7) 20... Rc6 $6 {[%eval
98,0] Inaccuracy. Qb5 was best.} (20... Qb5 21. fxe6 Qxd3 22. Rdxd3 fxe6 23. a3
a5 24. Nd2 Rg8 25. axb4 axb4 26. Rb3 Bh8 27. Rge3) 21. Re3 $4 {[%eval -86,0]
Blunder. a3 was best.} (21. a3 bxa3 22. Nxa3 O-O 23. fxe6 Rxe6 24. Qf5 Ne4 25.
Qxg4 Ng5 26. Bxg7 Kxg7 27. Nb1 Re4) 21... Qxa2 {[%eval -83,0]} 22. Rde1 $6 {
[%eval -12,0] Inaccuracy. fxe6 was best.} (22. fxe6 Rxe6) 22... Qc4 $2 {
[%eval 64,0] Mistake. O-O was best.} (22... O-O 23. fxe6 Rxe6 24. Qf5 Rc6 25.
Rf1 Kh8 26. Rf4 Rg8 27. Qd3 Rgc8 28. Re2 a5 29. Ref2) 23. Qxc4 {[%eval 46,0]}
dxc4 {[%eval 2,0]} 24. d5 {[%eval 1,0]} Rb6 $4 {[%eval 304,0] Blunder. Rc5 was
best.} (24... Rc5 25. fxe6) 25. Bd4 $4 {[%eval 6,0] Blunder. Nd2 was best.} (
25. Nd2 O-O 26. Nxc4 Rb7 27. fxe6 fxe6 28. dxe6 a5 29. Kb1 Ne8 30. Nxa5 Rb5 31.
Nc6 Rf2) 25... Rb7 $6 {[%eval 72,0] Inaccuracy. Rd6 was best.} (25... Rd6 26.
fxe6 Nxh5 27. Bc5 Rxd5 28. Bxb4 Rb5 29. Bc3 O-O 30. e7 Re8 31. Bxg7 Kxg7 32.
Nd2) 26. fxe6 {[%eval 84,0]} fxe6 $4 {[%eval 526,0] Blunder. Nxh5 was best.} (
26... Nxh5 27. Re4) 27. Bxf6 {[%eval 505,0]} Bxf6 {[%eval 491,0]} 28. Rxe6+ {
[%eval 483,0]} Re7 {[%eval 479,0]} 29. Rxe7+ {[%eval 408,0]} Bxe7 {[%eval 461,
0]} 30. d6 {[%eval 496,0]} Kd7 {[%eval 547,0]} 31. dxe7 {[%eval 571,0]} Ke8 {
[%eval 600,0]} 32. Nd2 {[%eval 592,0]} Rh7 {[%eval 671,0]} 33. Nxc4 {[%eval
592,0]} Rxe7 {[%eval 604,0]} 34. Nd6+ {[%eval 663,0]} Kd7 {[%eval 637,0]} 35.
Rxe7+ {[%eval 634,0]} 1-0

[Event "37th Reykjavik op"]
[Site "Reykjavik ISL"]
[Date "2024.03.21"]
[Round "9.43"]
[White "Mohamed, Anees M"]
[Black "Jaksland, Tim"]
[WhiteElo "2271"]
[BlackElo "2076"]
[Result "1/2-1/2"]
[EventDate "2024.03.15"]
[PlyCount "91"]

1. Nf3 {[%eval 2,0]} d5 {[%eval 2,0]} 2. g3 {[%eval 19,0]} Nd7 {[%eval 4,0]} 3.
Bg2 {[%eval 26,0]} e5 {[%eval 17,0]} 4. d3 {[%eval 5,0]} Ngf6 {[%eval 8,0]} 5.
O-O {[%eval 0,0]} Bc5 {[%eval 27,0]} 6. Nc3 {[%eval 6,0]} c6 {[%eval 6,0]} 7.
e4 {[%eval 0,0]} dxe4 {[%eval 7,0]} 8. Nxe4 {[%eval 11,0]} Nxe4 {[%eval 9,0]}
9. dxe4 {[%eval 13,0]} O-O {[%eval 8,0]} 10. Qe2 {[%eval 12,0]} a5 {[%eval 18,
0]} 11. Rd1 {[%eval 19,0]} Qe7 {[%eval 25,0]} 12. a4 {[%eval 1,0]} Re8 {
[%eval 15,0]} 13. Nd2 {[%eval 19,0]} Nf6 {[%eval 15,0]} 14. h3 {[%eval 26,0]}
Be6 {[%eval 14,0]} 15. Nc4 {[%eval 29,0]} Qc7 {[%eval 8,0]} 16. Bd2 {[%eval 19,
0]} Red8 {[%eval 9,0]} 17. Bc3 {[%eval 7,0]} Bd4 {[%eval 21,0]} 18. Bxd4 {
[%eval 25,0]} Rxd4 {[%eval 28,0]} 19. Rxd4 {[%eval 27,0]} exd4 {[%eval 25,0]}
20. Rd1 {[%eval 21,0]} Rd8 {[%eval 24,0]} 21. b3 {[%eval 19,0]} h6 {[%eval 29,
0]} 22. Kh2 {[%eval 26,0]} b5 {[%eval 29,0]} 23. axb5 {[%eval 33,0]} cxb5 {
[%eval 2,0]} 24. Na3 {[%eval 28,0]} b4 {[%eval 44,0]} 25. Nb5 {[%eval 58,0]}
Qc5 {[%eval 103,0]} 26. Nxd4 {[%eval 116,0]} Bg4 {[%eval 107,0]} 27. hxg4 {
[%eval 121,0]} Rxd4 {[%eval 101,0]} 28. Rxd4 {[%eval 63,0]} Qxd4 {[%eval 49,0]}
29. f4 {[%eval 49,0]} Nd7 $6 {[%eval 103,0] Inaccuracy. g5 was best.} (29... g5
30. e5) 30. Qb5 $6 {[%eval 51,0] Inaccuracy. e5 was best.} (30. e5 Nf8) 30...
Nf6 {[%eval 54,0]} 31. Qe2 {[%eval 56,0]} Nd7 $6 {[%eval 102,0] Inaccuracy. g5
was best.} (31... g5 32. e5 Nd5 33. e6 Kf8 34. Bxd5 Qxd5 35. exf7 Kxf7 36. f5
Kf8 37. Qe3 Qd6 38. Qe4) 32. e5 {[%eval 144,0]} Nc5 {[%eval 194,0]} 33. Qb5 {
[%eval 192,0]} Ne6 {[%eval 181,0]} 34. Qxa5 {[%eval 137,0]} g5 $4 {[%eval 349,
0] Blunder. g6 was best.} (34... g6 35. Qa8+) 35. f5 {[%eval 345,0]} Nf8 {
[%eval 325,0]} 36. Kh3 $4 {[%eval 0,0] Blunder. e6 was best.} (36. e6 fxe6 37.
fxe6 Qf6 38. Qxb4 Nxe6 39. Qd6 Kf7 40. Qd7+ Qe7 41. Qc6 Kg7 42. Be4 Qf6) 36...
h5 {[%eval 0,0]} 37. gxh5 {[%eval 0,0]} Qd1 {[%eval 0,0]} 38. g4 {[%eval 0,0]}
Qe1 {[%eval 0,0]} 39. Bf3 {[%eval 0,0]} Qf1+ {[%eval 0,0]} 40. Kg3 {[%eval 0,0]
} Qg1+ {[%eval 0,0]} 41. Bg2 {[%eval 0,0]} Qe3+ {[%eval 0,0]} 42. Kh2 {[%eval
0,0]} Qf4+ {[%eval 0,0]} 43. Kg1 {[%eval 0,0]} Qe3+ {[%eval 0,0]} 44. Kh2 {
[%eval 0,0]} Qf4+ {[%eval 0,0]} 45. Kg1 {[%eval 0,0]} Qe3+ {[%eval 0,0]} 46.
Kh2 {[%eval 0,0]} 1/2-1/2

[Event "37th Reykjavik op"]
[Site "Reykjavik ISL"]
[Date "2024.03.21"]
[Round "9.44"]
[White "Wolff, Michael"]
[Black "Roberts, Tallulah"]
[WhiteElo "1874"]
[BlackElo "1671"]
[Result "1-0"]
[EventDate "2024.03.15"]
[PlyCount "111"]

1. e4 {[%eval 13,0]} e6 {[%eval 0,0]} 2. d4 {[%eval 41,0]} d5 {[%eval 21,0]} 3.
Nc3 {[%eval 0,0]} Bb4 $6 {[%eval 59,0] Inaccuracy. Nf6 was best.} (3... Nf6 4.
e5 Nfd7 5. f4 c5 6. Nf3 Nc6 7. Be3 cxd4 8. Nxd4) 4. Nge2 {[%eval 27,0]} dxe4 {
[%eval 12,0]} 5. a3 {[%eval 24,0]} Be7 {[%eval 4,0]} 6. Nxe4 {[%eval 2,0]} Nf6
{[%eval 23,0]} 7. Nxf6+ {[%eval 25,0]} Bxf6 {[%eval 13,0]} 8. c3 {[%eval 16,0]}
b6 {[%eval 46,0]} 9. Bf4 {[%eval 6,0]} Bb7 {[%eval 13,0]} 10. Nc1 $6 {[%eval
65,0] Inaccuracy. Ng3 was best.} (10. Ng3 Nd7) 10... O-O {[%eval 62,0]} 11. Nd3
{[%eval 58,0]} Nd7 {[%eval 31,0]} 12. Qh5 $2 {[%eval -95,0] Mistake. Ne5 was
best.} (12. Ne5 Bxe5) 12... g6 {[%eval -95,0]} 13. Qh3 {[%eval -88,0]} Bg7 $6 {
[%eval 16,0] Inaccuracy. c5 was best.} (13... c5 14. dxc5 bxc5 15. Rd1 Qb6 16.
Be2 c4 17. Nb4 Rfd8 18. Bc1 Qb5 19. O-O Ne5 20. f4) 14. Be2 {[%eval 19,0]} Nf6
{[%eval 25,0]} 15. O-O {[%eval 19,0]} Rc8 {[%eval 25,0]} 16. Rad1 {[%eval 32,0]
} Qe8 {[%eval 67,0]} 17. Rfe1 {[%eval 69,0]} Qa4 {[%eval 63,0]} 18. Bf3 {
[%eval 36,0]} Bxf3 {[%eval 48,0]} 19. Qxf3 {[%eval 5,0]} Nd5 {[%eval 73,0]} 20.
Be5 {[%eval 72,0]} Rfd8 $6 {[%eval 108,0] Inaccuracy. Rcd8 was best.} (20...
Rcd8) 21. Bxg7 $6 {[%eval 118,0] Inaccuracy. c4 was best.} (21. c4) 21... Kxg7
{[%eval 112,0]} 22. Ne5 {[%eval 116,0]} Rf8 {[%eval 135,0]} 23. Rd2 {[%eval 85,
0]} Qe8 {[%eval 101,0]} 24. c4 {[%eval 107,0]} Nf6 {[%eval 118,0]} 25. h3 {
[%eval 111,0]} c6 {[%eval 103,0]} 26. Red1 {[%eval 107,0]} b5 {[%eval 153,0]}
27. b3 $6 {[%eval 78,0] Inaccuracy. Rc2 was best.} (27. Rc2 Ng8) 27... a6 {
[%eval 111,0]} 28. Qc3 $4 {[%eval -23,0] Blunder. a4 was best.} (28. a4 Rc7)
28... Ne4 {[%eval -24,0]} 29. Qe3 {[%eval -29,0]} Nxd2 {[%eval -92,0]} 30. Rxd2
{[%eval -33,0]} h5 {[%eval -69,0]} 31. Qe4 {[%eval -77,0]} f6 {[%eval -82,0]}
32. Nd3 {[%eval -68,0]} bxc4 {[%eval 89,0]} 33. bxc4 {[%eval 81,0]} a5 $6 {
[%eval 1,0] Inaccuracy. Qf7 was best.} (33... Qf7) 34. Re2 $6 {[%eval 79,0]
Inaccuracy. Nc5 was best.} (34. Nc5 e5 35. dxe5 Qxe5 36. Qxe5 fxe5 37. Ne6+ Kf7
38. Nxf8 Rxf8 39. Rd6 Rb8 40. Rxc6 Rb3) 34... Qe7 $4 {[%eval 137,0] Blunder.
e5 was best.} (34... e5 35. dxe5 fxe5 36. Nxe5 Rd8 37. Rb2 Qe6 38. Rb7+ Kg8 39.
f3 Rd1+ 40. Kh2 Qf5 41. Qe3) 35. Nf4 {[%eval 129,0]} Qf7 $6 {[%eval 214,0]
Inaccuracy. f5 was best.} (35... f5 36. Qe5+) 36. Nxe6+ {[%eval 211,0]} Kg8 {
[%eval 249,0]} 37. Nxf8 {[%eval 233,0]} Kxf8 {[%eval 248,0]} 38. Qe6 {[%eval
231,0]} Qxe6 {[%eval 242,0]} 39. Rxe6 {[%eval 253,0]} Kf7 {[%eval 204,0]} 40.
Rd6 {[%eval 204,0]} Ke7 $6 {[%eval 302,0] Inaccuracy. c5 was best.} (40... c5
41. d5 Re8 42. Rc6 Re1+ 43. Kh2 Ra1 44. Kg3 g5 45. Kf3 f5 46. Rxc5 Rxa3+ 47.
Ke2) 41. c5 {[%eval 301,0]} Kf7 {[%eval 305,0]} 42. g3 {[%eval 341,0]} g5 {
[%eval 352,0]} 43. Kf1 {[%eval 341,0]} Kg6 {[%eval 414,0]} 44. g4 {[%eval 378,
0]} hxg4 $6 {[%eval 476,0] Inaccuracy. h4 was best.} (44... h4 45. a4) 45. hxg4
{[%eval 475,0]} Kf7 {[%eval 479,0]} 46. Ke2 {[%eval 457,0]} Re8+ {[%eval 512,0]
} 47. Kd3 {[%eval 493,0]} Rb8 {[%eval 533,0]} 48. Rxc6 {[%eval 533,0]} Rb3+ {
[%eval 539,0]} 49. Ke4 {[%eval 534,0]} Rxa3 {[%eval 503,0]} 50. Rc7+ {[%eval
527,0]} Kg6 {[%eval 529,0]} 51. d5 {[%eval 503,0]} Ra1 {[%eval 508,0]} 52. d6 {
[%eval 577,0]} Rd1 {[%eval 603,0]} 53. d7 {[%eval 602,0]} a4 {[%eval 609,0]}
54. c6 {[%eval 619,0]} a3 {[%eval 772,0]} 55. Ra7 {[%eval 695,0]} a2 {[%eval
748,0]} 56. Rxa2 {[%eval 607,0]} 1-0

[Event "37th Reykjavik op"]
[Site "Reykjavik ISL"]
[Date "2024.03.21"]
[Round "9.45"]
[White "Kazarian, Anna-Maja"]
[Black "Gudmundsson, Gunnar Erik"]
[WhiteElo "2206"]
[BlackElo "2009"]
[Result "1/2-1/2"]
[EventDate "2024.03.15"]
[PlyCount "85"]

1. d4 {[%eval 17,0]} Nf6 {[%eval 16,0]} 2. Bg5 {[%eval 0,0]} d5 {[%eval 0,0]}
3. e3 {[%eval 0,0]} e6 {[%eval 1,0]} 4. Bd3 {[%eval 0,0]} c5 {[%eval 0,0]} 5.
c3 {[%eval 0,0]} Nc6 {[%eval 1,0]} 6. f4 $6 {[%eval 9,0] Inaccuracy. Nf3 was
best.} (6. Nf3 h6 7. Bh4 Qb6 8. b3 cxd4 9. exd4 Nh5 10. O-O g5) 6... Be7 $6 {
[%eval 28,0] Inaccuracy. Qb6 was best.} (6... Qb6 7. b3 Ne4 8. Bxe4 dxe4 9. Nd2
cxd4 10. exd4 h6 11. Bh4) 7. Nd2 {[%eval 79,0]} b6 $2 {[%eval 52,0] Mistake.
Qb6 was best.} (7... Qb6 8. Rb1 h6 9. Bh4 g5 10. Bg3 gxf4 11. Bxf4 e5 12. dxe5)
8. Ngf3 {[%eval 67,0]} Bb7 {[%eval 68,0]} 9. O-O {[%eval 62,0]} h6 {[%eval 69,
0]} 10. Bh4 {[%eval 22,0]} Ne4 {[%eval 26,0]} 11. Bxe7 {[%eval 28,0]} Nxe7 {
[%eval 39,0]} 12. Ne5 $6 {[%eval 2,0] Inaccuracy. Bb5+ was best.} (12. Bb5+ Kf8
13. dxc5 Nxc5 14. b4 a6 15. Be2 Nd7 16. Nd4 Nf5 17. Nxf5 exf5 18. Nf3 g6) 12...
O-O {[%eval 17,0]} 13. g4 {[%eval 36,0]} g6 {[%eval 11,0]} 14. Qc2 {[%eval 7,0]
} f5 $2 {[%eval 103,0] Mistake. Nd6 was best.} (14... Nd6) 15. Nxe4 $6 {
[%eval 62,0] Inaccuracy. Ndf3 was best.} (15. Ndf3 fxg4 16. Nxg4 Nf5 17. Qg2
Rf7 18. Kh1 Rg7 19. Qh3 Kf8 20. dxc5 bxc5 21. Bxe4 dxe4) 15... fxe4 {[%eval 67,
0]} 16. Be2 {[%eval 48,0]} Kg7 {[%eval 52,0]} 17. Qa4 {[%eval 53,0]} Qd6 {
[%eval 64,0]} 18. Ba6 {[%eval 38,0]} Bxa6 {[%eval 41,0]} 19. Qxa6 {[%eval 43,0]
} Rfc8 {[%eval 44,0]} 20. a4 {[%eval 27,0]} Rc7 {[%eval 19,0]} 21. a5 {[%eval
25,0]} Rb8 {[%eval 26,0]} 22. Rf2 {[%eval 29,0]} Nc6 {[%eval 28,0]} 23. Raf1 {
[%eval 12,0]} c4 {[%eval 32,0]} 24. axb6 {[%eval 35,0]} Rxb6 {[%eval 33,0]} 25.
Qa4 {[%eval 28,0]} Rb8 {[%eval 65,0]} 26. f5 $6 {[%eval 31,0] Inaccuracy. h4
was best.} (26. h4) 26... Nxe5 {[%eval 34,0]} 27. dxe5 {[%eval 31,0]} Qxe5 {
[%eval 34,0]} 28. fxg6 {[%eval 4,0]} Kxg6 {[%eval 31,0]} 29. Rf8 $6 {[%eval 86,
0] Inaccuracy. Kh1 was best.} (29. Kh1) 29... Rxf8 {[%eval 84,0]} 30. Rxf8 {
[%eval 85,0]} Re7 {[%eval -100,0]} 31. Re8 $2 {[%eval -145,0] Mistake. Qa6 was
best.} (31. Qa6 Qc7 32. Kg2 Kg7 33. Rf1 Qb8 34. Rf2 Qb7 35. Qd6 Qc7 36. Qg3
Qxg3+ 37. Kxg3 Rb7) 31... Qf6 {[%eval -153,0]} 32. Qc6 $6 {[%eval -258,0]
Inaccuracy. Rxe7 was best.} (32. Rxe7 Qxe7 33. Kg2 h5 34. gxh5+ Kh6 35. Kf1
Qf6+ 36. Ke1 Qh4+ 37. Kd1 Qxh2 38. Qxa7 Qf2) 32... Qf7 {[%eval -394,0]} 33.
Rxe7 {[%eval -292,0]} Qxe7 {[%eval -227,0]} 34. h4 {[%eval -236,0]} Qf7 $4 {
[%eval 7,0] Blunder. Kf7 was best.} (34... Kf7 35. h5 Kf6 36. Qa8 Kg5 37. Qg8+
Kh4 38. Qg6 Qg5 39. Kf2 Kxg4 40. Ke2 Kh4 41. Kd2) 35. Qd6 $4 {[%eval -11,0]
Blunder. Qc8 was best.} (35. Qc8 Kh7 36. h5 Qe7 37. Kf1 a6 38. Ke2 a5 39. Kd1
a4 40. Kd2 Kg7 41. Qb8 Qf6) 35... Qf6 $4 {[%eval 7,0] Blunder. h5 was best.} (
35... h5 36. g5 Qf5 37. Qd8 Qg4+ 38. Kf1 Qf3+ 39. Ke1 Qxe3+ 40. Kd1 Qd3+ 41.
Kc1 Qf1+ 42. Kc2) 36. Qd7 {[%eval 5,0]} Qxh4 {[%eval 0,0]} 37. Qxe6+ {[%eval 0,
0]} Kg7 {[%eval 0,0]} 38. Qd7+ {[%eval 0,0]} Kg6 {[%eval 0,0]} 39. Qe8+ {
[%eval 0,0]} Kg7 {[%eval 0,0]} 40. Qd7+ {[%eval 0,0]} Kg6 {[%eval 0,0]} 41.
Qe8+ {[%eval 0,0]} Kg7 {[%eval 0,0]} 42. Qd7+ {[%eval 0,0]} Kg6 43. Qe8+
1/2-1/2

[Event "37th Reykjavik op"]
[Site "Reykjavik ISL"]
[Date "2024.03.21"]
[Round "9.57"]
[White "Ornolfsson, Magnus P."]
[Black "Mensing, Adrian"]
[WhiteElo "2163"]
[BlackElo "1980"]
[Result "1/2-1/2"]
[EventDate "2024.03.15"]
[PlyCount "94"]

1. d4 Nf6 2. Nf3 g6 3. g3 Bg7 4. Bg2 c5 5. O-O Na6 6. c4 O-O 7. Nc3 d6 8. Re1
Re8 9. b3 Qa5 10. Bb2 cxd4 11. Nxd4 Qh5 12. e3 Bg4 13. f3 Bh3 14. Qd2 Bxg2 15.
Qxg2 Nb4 16. Rad1 Nc6 17. Nxc6 bxc6 18. e4 Nd7 19. f4 Qc5+ 20. Qf2 Red8 21. Na4
Qxf2+ 22. Kxf2 Nb6 23. Bxg7 Kxg7 24. Nxb6 axb6 25. a4 c5 26. Rd3 f6 27. Red1
Kf7 28. g4 g5 29. Kf3 Ke6 30. fxg5 fxg5 31. Rd5 Rf8+ 32. Kg3 h6 33. e5 dxe5 34.
Re1 Kf6 35. Rdxe5 Kg6 36. Rxe7 Rf6 37. R7e6 Raf8 38. h4 R8f7 39. h5+ Kg7 40.
Rxf6 Rxf6 41. Re7+ Rf7 42. Rxf7+ Kxf7 43. Kf3 Kf6 44. Ke2 Ke6 45. Kd3 Ke5 46.
Ke3 Kd6 47. Kd3 Ke5 1/2-1/2

[Event "37th Reykjavik op"]
[Site "Reykjavik ISL"]
[Date "2024.03.21"]
[Round "9.60"]
[White "Mueller, Magnus"]
[Black "Thorsteinsdottir, Hallgerdur"]
[WhiteElo "2144"]
[BlackElo "1953"]
[Result "1-0"]
[EventDate "2024.03.15"]
[PlyCount "69"]

1. e4 d5 2. exd5 Qxd5 3. Nc3 Qd8 4. d4 Nf6 5. Nf3 Bg4 6. h3 Bxf3 7. Qxf3 c6 8.
Qd3 e6 9. g4 Qc7 10. Bg2 Bd6 11. O-O Bf4 12. Bxf4 Qxf4 13. Ne2 Qc7 14. c4 Nbd7
15. f4 O-O 16. Ng3 Rad8 17. Rad1 e5 18. g5 exf4 19. gxf6 fxg3 20. fxg7 Kxg7 21.
Rf5 Rg8 22. Rdf1 Nf8 23. d5 Qb6+ 24. Kh1 Qxb2 25. Rxf7+ Kh8 26. Rb1 Qe5 27.
Rbxb7 Rg6 28. Rbe7 Qa1+ 29. Rf1 Qb2 30. Rxa7 Ne6 31. Re7 Ng5 32. Qxg3 Ne4 33.
Rxh7+ Kxh7 34. Bxe4 Rdg8 35. Bxg6+ 1-0

[Event "37th Reykjavik op"]
[Site "Reykjavik ISL"]
[Date "2024.03.21"]
[Round "9.65"]
[White "Doran, Chris"]
[Black "Briem, Benedikt"]
[WhiteElo "1947"]
[BlackElo "2102"]
[Result "0-1"]
[EventDate "2024.03.15"]
[PlyCount "76"]

1. e4 e5 2. Nf3 Nc6 3. Bb5 Nf6 4. O-O Nxe4 5. d4 Nd6 6. Bxc6 dxc6 7. dxe5 Nf5
8. Qxd8+ Kxd8 9. Nc3 Ke8 10. Bf4 Be7 11. h3 h5 12. Ne4 Be6 13. Rfe1 Rd8 14.
Nfg5 Rh6 15. Nxe6 Rxe6 16. c3 a5 17. a4 b6 18. g3 c5 19. Kg2 Rd5 20. h4 Bd8 21.
Rad1 c6 22. Ng5 Bxg5 23. Bxg5 Kd7 24. f3 g6 25. g4 Ng7 26. Kg3 Re8 27. Bf4 Ne6
28. Bg5 Nxg5 29. hxg5 hxg4 30. Kxg4 Rexe5 31. Rxe5 Rxd1 32. f4 Rd2 33. f5 Rd5
34. Kf4 Kd6 35. Re4 Rxf5+ 36. Kg4 Rd5 37. b4 cxb4 38. cxb4 axb4 0-1

[Event "37th Reykjavik op"]
[Site "Reykjavik ISL"]
[Date "2024.03.21"]
[Round "9.72"]
[White "Chilton, James I"]
[Black "Bottema, Martin"]
[WhiteElo "1823"]
[BlackElo "2053"]
[Result "0-1"]
[EventDate "2024.03.15"]
[PlyCount "102"]

1. d4 Nf6 2. c4 e6 3. Nc3 Bb4 4. Bf4 O-O 5. e3 d5 6. Rc1 c5 7. a3 Bxc3+ 8. bxc3
cxd4 9. exd4 b6 10. Be2 Ba6 11. cxd5 exd5 12. Bxa6 Nxa6 13. Ne2 Nb8 14. O-O Nc6
15. c4 dxc4 16. Rxc4 Na5 17. Rc3 Re8 18. Bg5 Qd6 19. Bxf6 Qxf6 20. Qc2 Rad8 21.
Rc1 Qd6 22. a4 h6 23. h3 Rd7 24. Rc8 Rde7 25. Ng3 g6 26. Qc3 Rxc8 27. Qxc8+ Kg7
28. Qc3 Kh7 29. Qc8 Qd7 30. Qc3 Re8 31. Qc7 Re7 32. Qxd7 Rxd7 33. d5 {[%cal
Gd7d5,Gc1c7]} Kg7 34. Rd1 Kf6 35. f4 Nc4 36. Kf2 Nd6 37. Kf3 Rc7 38. Ne4+ Ke7
39. g4 Rc4 40. Re1 Nxe4 41. Rxe4+ Rxe4 42. Kxe4 Kd6 43. h4 a6 44. h5 gxh5 45.
gxh5 b5 46. axb5 axb5 47. Kf5 b4 48. Kf6 b3 49. Kxf7 b2 50. Kg6 b1=Q+ 51. Kxh6
Qf5 0-1

[Event "37th Reykjavik op"]
[Site "Reykjavik ISL"]
[Date "2024.03.21"]
[Round "9.100"]
[White "Owen, Garth I"]
[Black "Madsen, Jens Finnerup"]
[WhiteElo "1834"]
[BlackElo "1945"]
[Result "0-1"]
[EventDate "2024.03.15"]
[PlyCount "88"]

1. c4 e5 2. g3 d5 3. Bg2 Nf6 4. cxd5 Nxd5 5. Nc3 Nxc3 6. bxc3 Bd6 7. Rb1 c6 8.
Nf3 O-O 9. O-O Qc7 10. d4 Nd7 11. e4 Re8 12. Re1 b6 13. Qb3 c5 14. d5 c4 15.
Qa4 Bb7 16. Nd2 Nc5 17. Qxc4 Ba6 18. Rb5 Bxb5 19. Qxb5 a5 20. Qe2 b5 21. Ba3
Rac8 22. Bh3 Rb8 23. Nb1 g6 24. Bc1 Na4 25. Bd2 Rb7 26. Rf1 Nb6 27. f4 exf4 28.
gxf4 Nxd5 29. e5 Bf8 30. e6 f5 31. Bg2 Qc5+ 32. Kh1 Rc7 33. Qd3 Nf6 34. Be3 Qd6
35. Bd4 Rxe6 36. Rd1 Ne4 37. Kg1 Rd7 38. Qc2 Qxf4 39. Qb3 Qd6 40. Re1 Bg7 41.
Rxe4 fxe4 42. Bh3 Bxd4+ 43. Kh1 Rde7 44. cxd4 Kg7 0-1

[Event "37th Reykjavik op"]
[Site "Reykjavik ISL"]
[Date "2024.03.21"]
[Round "9.167"]
[White "Einarsson, Eirikur Gardar"]
[Black "Leosson, Haukur Vidis"]
[WhiteElo "1690"]
[BlackElo "1535"]
[Result "0-1"]
[EventDate "2024.03.15"]
[PlyCount "35"]

1. e4 e6 2. d4 d5 3. Nc3 Bb4 4. e5 c5 5. a3 Bxc3+ 6. bxc3 Nc6 7. Qg4 g6 8. Ne2
Nge7 9. Bg5 h5 10. Qf4 Qc7 11. Bf6 Rg8 12. dxc5 Qa5 13. Bxe7 Kxe7 14. Qe3 Bd7
15. Rc1 d4 16. Qd3 Qxc5 17. cxd4 (17. Nxd4) 17... Nxd4 18. c3 0-1